Screening for resistance rice varieties at seedling stage to brown plant-hopper in glasshouse condition; ពិសោធន៍តាមដានរកពូជស្រូវនៅដំណាក់កាលសំណាបដែលធន់ទ្រាំនឹងការបំផ្លាញរបស់មមាចត្នោត ក្នុងលក្ខខណ្ឌផ្ទះកញ្ចក់ (Record no. 10992)

000 -LEADER
fixed length control field 00710nam a22001337a 4500
040 ## - CATALOGING SOURCE
Transcribing agency RUA
082 ## - DEWEY DECIMAL CLASSIFICATION NUMBER
Classification number AGR YIN B535 2015 Or.
100 ## - MAIN ENTRY--AUTHOR NAME
Personal name YIN MADOU; យិន ម៉ាឌូ
245 ## - TITLE STATEMENT
Title Screening for resistance rice varieties at seedling stage to brown plant-hopper in glasshouse condition; ពិសោធន៍តាមដានរកពូជស្រូវនៅដំណាក់កាលសំណាបដែលធន់ទ្រាំនឹងការបំផ្លាញរបស់មមាចត្នោត ក្នុងលក្ខខណ្ឌផ្ទះកញ្ចក់
260 ## - PUBLICATION, DISTRIBUTION, ETC. (IMPRINT)
Place of publication RUA
Name of publisher Phnom Penh
Year of publication 2015
300 ## - PHYSICAL DESCRIPTION
Number of Pages x; 53p.
Other physical details ill.
Dimensions 29cm.
856 ## - ELECTRONIC LOCATION AND ACCESS
Uniform Resource Identifier YIN MADOU
942 ## - ADDED ENTRY ELEMENTS (KOHA)
Koha item type AGR
952 ## - LOCATION AND ITEM INFORMATION (KOHA)
Withdrawn status [LOCAL, KOHA] 0
952 ## - LOCATION AND ITEM INFORMATION (KOHA)
Withdrawn status [LOCAL, KOHA] 0
952 ## - LOCATION AND ITEM INFORMATION (KOHA)
Withdrawn status [LOCAL, KOHA] 0
952 ## - LOCATION AND ITEM INFORMATION (KOHA)
Withdrawn status [LOCAL, KOHA] 0
952 ## - LOCATION AND ITEM INFORMATION (KOHA)
Withdrawn status [LOCAL, KOHA] 0
952 ## - LOCATION AND ITEM INFORMATION (KOHA)
Withdrawn status [LOCAL, KOHA] 0
952 ## - LOCATION AND ITEM INFORMATION (KOHA)
Withdrawn status [LOCAL, KOHA] 0
952 ## - LOCATION AND ITEM INFORMATION (KOHA)
Withdrawn status [LOCAL, KOHA] 0
Holdings
Permanent Location Date acquired Koha item type Lost status Shelving location Barcode Current Location Full call number
Library Block B2016-11-28AGR B535A03635Library Block BAGR YIN B535 2015 Or.1
Library Block B2016-11-28AGR B535A03354Library Block BAGR YIN B535 2015 Or.2
Library Block B2016-11-28AGR B535A03941Library Block BAGR YIN B535 2015 Or.3
Library Block B2016-11-28AGR B535A03702Library Block BAGR YIN B535 2015 Or.4
Library Block B2016-11-28AGR B535A04393Library Block BAGR YIN B535 2015 Or.5
Library Block B2016-11-28AGR B535A03824Library Block BAGR YIN B535 2015 Or.6
Library Block B2016-11-28AGR B535A03429Library Block BAGR YIN B535 2015 Or.7
Library Block B2016-11-28AGR B535A03483Library Block BAGR YIN B535 2015 Or.8
មជ្ឈមណ្ឌលឯការនៃសាកលវិទ្យាល័យភូមិន្ទកសិកម្មចំការដូង

Powered by Koha